Catálogo
 En Linea

Madres de rodillas : (Registro nro. 52953)

Detalles MARC
000 -CABECERA
campo de control de longitud fija 00966nam a22002537a 4500
003 - IDENTIFICADOR DEL NÚMERO DE CONTROL
campo de control DO-SdBNP
005 - FECHA Y HORA DE LA ÚLTIMA TRANSACCIÓN
campo de control 20221116111849.0
007 - CAMPO FIJO DE DESCRIPCIÓN FÍSICA--INFORMACIÓN GENERAL
campo de control de longitud fija ta
008 - DATOS DE LONGITUD FIJA--INFORMACIÓN GENERAL
campo de control de longitud fija 110301s20172018dr 000 0 spa d
020 ## - NÚMERO INTERNACIONAL ESTÁNDAR DEL LIBRO
Número Internacional Estándar del Libro 9789945911039
040 ## - FUENTE DE LA CATALOGACIÓN
Centro catalogador/agencia de origen DO-SdBNP
Lengua de catalogación spa
Centro/agencia transcriptor BNPHU
082 #4 - NÚMERO DE LA CLASIFICACIÓN DECIMAL DEWEY
Número de clasificación xxxx
Número de documento/Ítem T693m
100 1# - ENTRADA PRINCIPAL--NOMBRE DE PERSONA
Nombre de persona Torres Burgos, Jayson
9 (RLIN) 53018
Fechas asociadas al nombre 1983-
245 10 - MENCIÓN DE TÍTULO
Título Madres de rodillas :
Resto del título hijos de pie /
Mención de responsabilidad, etc. Jayson Torres Burgos ; introducción Ruth E. Burgos Figueroa ; prólogo Cristina Cotto
260 ## - PUBLICACIÓN, DISTRIBUCIÓN, ETC.
Lugar de publicación, distribución, etc. Santo Domingo :
Nombre del editor, distribuidor, etc. Publicaciones libertad,
Fecha de publicación, distribución, etc. 2017-2018.
300 ## - DESCRIPCIÓN FÍSICA
Extensión 99 p. :
Dimensiones 21 cm.
500 ## - NOTA GENERAL
Nota general Incluye datos biográficos del autor en la contra portada.
500 ## - NOTA GENERAL
Nota general La publicitación del 2018 es la que posee el ISBN, pero tanto el del 2017 como el 2018 dicen ser la primera edición.
590 ## - NOTA LOCAL (RLIN)
Nota local Inventariado, 2022/ YL
700 12 - PUNTO DE ACCESO ADICIONAL--NOMBRE DE PERSONA
Nombre de persona Burgos Figueroa, Ruth E.
Término indicativo de función/relación int.
9 (RLIN) 82833
700 12 - PUNTO DE ACCESO ADICIONAL--NOMBRE DE PERSONA
Nombre de persona Cotto, Cristina
Término indicativo de función/relación prol.
9 (RLIN) 80555
910 ## - DATOS DE OPCIÓN DEL USUARIO (OCLC)
Datos de opción del usuario YLockward
942 ## - ELEMENTOS DE PUNTO DE ACCESO ADICIONAL (KOHA)
Fuente del sistema de clasificación o colocación Dewey Decimal Classification
Tipo de ítem Koha Libro
Existencias
Estado de retiro Estado de pérdida Fuente del sistema de clasificación o colocación Restricciones de uso No para préstamo Código de colección Localización permanente Ubicación/localización actual Ubicación en estantería Fecha de adquisición Fuente de adquisición Total de préstamos Signatura topográfica completa Código de barras Fecha visto por última vez Precio válido a partir de Tipo de ítem Koha Número de copia
    Dewey Decimal Classification Excluido de préstamo   Patrimonio Dominicano Biblioteca Nacional Pedro Henríquez Ureña Biblioteca Nacional Pedro Henríquez Ureña En catalogación 12.02.2021 Publicaciones Libertad   xxxx T693m 2022-5429 16.11.2022 16.11.2022 Libro  
    Dewey Decimal Classification Excluido de préstamo   Patrimonio Dominicano Biblioteca Nacional Pedro Henríquez Ureña Biblioteca Nacional Pedro Henríquez Ureña En catalogación 12.02.2021 Publicaciones Libertad   xxxx T693m 2022-5430 16.11.2022 16.11.2022 Libro e. 2
    Dewey Decimal Classification Préstamo en sala   Dominicana de Servicio Biblioteca Nacional Pedro Henríquez Ureña Biblioteca Nacional Pedro Henríquez Ureña En catalogación 12.02.2021 Publicaciones Libertad   xxxx T693m 2022-5431 16.11.2022 16.11.2022 Libro e. 3

Con tecnología Koha